Statistics for Top 10 NBA players at every position

Click here to take the quiz!

General Stats

  • This quiz has been taken 29 times
  • The average score is 32 of 50

Answer Stats

HintAnswer% Correct
SFLeBron James
95%
PGStephen Curry
91%
PFGiannis Antetokounmpo
82%
SGJames Harden
82%
CJoel Embiid
82%
SFKevin Durant
82%
PFAnthony Davis
77%
PGChis Paul
77%
PGJa Morant
77%
SGJaylen Brown
77%
SFJayson Tatum
77%
SGKlay Thompson
77%
CNikola Jokic
77%
PGTrae Young
77%
PGDamian Lillard
73%
SGDevin Booker
73%
SFKawhi Leonard
73%
SFKhris Middleton
73%
PGKyrie Irving
73%
SFJimmy Butler
68%
CKarl-Anthony Towns
68%
PGLaMelo Ball
68%
PGLuka Doncic
68%
SGBradley Beal
64%
SFBrandon Ingram
64%
CDeandre Ayton
64%
SFDeMar DeRozan
64%
SGDonovan Mitchell
64%
PFDraymond Green
64%
SGPaul George
64%
CRudy Gobert
64%
SGZach LaVine
64%
PFZion Williamson
64%
CBam Adebayo
59%
PFDomantas Sabonis
59%
PFPascal Siakam
59%
PGShai Gilgeous-Alexander
59%
SGCJ McCollum
55%
PGJrue Holiday
55%
CJonas Valanciunas
50%
PFJulius Randle
50%
CNikola Vucevic
50%
PFTobias Harris
50%
SFMikal Bridges
45%
SGTyler Herro
45%
CJarrett Allen
41%
SFAndrew Wiggins
36%
CClint Capela
36%
PFKristaps Porzingis
36%
PFJohn Collins
32%

Score Distribution

Percentile by Number Answered

Percent of People with Each Score

Your Score History

You have not taken this quiz